000 00492nam a2200157Ia 4500
008 210716s2013 xx 000 0 und d
020 _a9781259026409
041 _aeng
082 _a658.4012 BHAA
100 _aBhandari, Arabinda;Verma, Raghunath Prasad.
245 _aStrategic management: a conceptual framework.
_bConceptual framework.
250 _a1
260 _aNew Delhi
_bTata McGraw Hill Education Private Limited
_c2013
300 _axviii,680
650 _aStrategic Management
999 _c208547
_d208547